000 00292nam a22001337a 4500
020 _a0-408-10868-1
041 _aENG
100 _aFrance,J
245 _aMathematical Models In Agriciture
260 _alondon
_bButterworths
_c1984
300 _a355
650 _aIDE
856 _uIDE ( 44 )
999 _c1582
_d1582